MARC details
| 000 -CABECERA |
| campo de control de longitud fija |
01353nam a2200277 a 4500 |
| 001 - NÚMERO DE CONTROL |
| campo de control |
000005375 |
| 003 - IDENTIFICADOR DEL NÚMERO DE CONTROL |
| campo de control |
DO-SdBNP |
| 005 - FECHA Y HORA DE LA ÚLTIMA TRANSACCIÓN |
| campo de control |
20251211105303.0 |
| 008 - DATOS DE LONGITUD FIJA--INFORMACIÓN GENERAL |
| campo de control de longitud fija |
090819s2009 dr d 000 0 spa d |
| 040 ## - FUENTE DE LA CATALOGACIÓN |
| Centro catalogador/agencia de origen |
DO-SdBNP |
| Lengua de catalogación |
spa |
| Centro/agencia transcriptor |
BNPHU |
| 082 ## - NÚMERO DE LA CLASIFICACIÓN DECIMAL DEWEY |
| Número de clasificación |
342.729302 |
| Número de documento/Ítem |
V156c |
| 100 1# - ENTRADA PRINCIPAL--NOMBRE DE PERSONA |
| Nombre de persona |
Valentín Jiminían, Julio César, |
| Fechas asociadas al nombre |
1966- |
| 9 (RLIN) |
15248 |
| 245 10 - MENCIÓN DE TÍTULO |
| Título |
Constitución, reforma y democracia de la imposición autoritaria al pacto político-social / |
| Mención de responsabilidad, etc. |
Julio César Valentín Jiminían. |
| 260 ## - PUBLICACIÓN, DISTRIBUCIÓN, ETC. |
| Lugar de publicación, distribución, etc. |
Santo Domingo : |
| Nombre del editor, distribuidor, etc. |
Alfa & Omega, |
| Fecha de publicación, distribución, etc. |
2009. |
| 300 ## - DESCRIPCIÓN FÍSICA |
| Extensión |
77 p. : |
| Otras características físicas |
tablas ; |
| Dimensiones |
23 cm. |
| 500 ## - NOTA GENERAL |
| Nota general |
Incluye referencias bibliográficas y notas al pie de las páginas. |
| 504 ## - NOTA DE BIBLIOGRAFÍA, ETC. |
| Nota de bibliografía, etc. |
Bibliografía: p. 75-77. |
| 505 0# - NOTA DE CONTENIDO CON FORMATO |
| Información miscelánea |
Preámbulo -- |
| Título |
La Constitución en la historia de la humanidad. Del poder absoluto al poder ilimitado -- |
| -- |
De la imposición ilimitada al consenso político social -- |
| -- |
Coyuntura actual. La hora del gran pacto político social -- |
| Información miscelánea |
Bibliografía. |
| 590 ## - NOTA LOCAL (RLIN) |
| Nota local |
Inventariado, 2018/ YL |
| 650 #0 - PUNTO DE ACCESO ADICIONAL DE MATERIA--TÉRMINO DE MATERIA |
| Término de materia o nombre geográfico como elemento de entrada |
Democracia |
| Subdivisión general |
Historia |
| 9 (RLIN) |
286 |
| Subdivisión de forma |
Ensayos, conferencias, etc. |
| 650 #0 - PUNTO DE ACCESO ADICIONAL DE MATERIA--TÉRMINO DE MATERIA |
| Término de materia o nombre geográfico como elemento de entrada |
Reformas constitucionales |
| Subdivisión geográfica |
República Dominicana |
| Subdivisión general |
Ensayos, conferencias, etc. |
| 9 (RLIN) |
85533 |
| 651 #4 - PUNTO DE ACCESO ADICIONAL DE MATERIA--NOMBRE GEOGRÁFICO |
| Nombre geográfico |
República Dominicana |
| Subdivisión general |
Constitución |
| 9 (RLIN) |
1008 |
| 651 #4 - PUNTO DE ACCESO ADICIONAL DE MATERIA--NOMBRE GEOGRÁFICO |
| Nombre geográfico |
República Dominicana |
| Subdivisión geográfica |
Derecho Constitucional |
| 9 (RLIN) |
449 |
| 910 ## - DATOS DE OPCIÓN DEL USUARIO (OCLC) |
| Datos de opción del usuario |
Validado. Control de calidad EMS |
| 942 ## - ELEMENTOS DE PUNTO DE ACCESO ADICIONAL (KOHA) |
| Fuente del sistema de clasificación o colocación |
Dewey Decimal Classification |
| Tipo de ítem Koha |
Libro |